000 00703cam a2200253 a 4500
001 000008089
005 20200929154429.0
008 920713s1994 sp 000 f spa d
020 _a8432206652
040 _aDO-SdBNP
_bspa
_cLC
_dBNPHU
082 _a863.64
_bM539a, 1994
100 1 _aMendoza, Eduardo,
_d1943-
_921986
245 1 3 _aEl año del diluvio /
_cEduardo Mendoza.
250 _a7a ed.
260 _aBarcelona :
_bSeix Barral,
_c1994.
300 _a171 p. ;
_c20 cm.
490 1 _aBiblioteca breve
650 4 _aNovela española
_91123
650 4 _aLiteratura española
_9632
830 0 _aBiblioteca breve
_913442
910 _aCatalogación derivada
910 _aWM
049 _aBNGR
999 _c7866
_d7866